000 00665nam a22002057a 4500
005 20251108175913.0
008 250721s2020 xx 000 0 ara d
082 1 4 _a217.86/عبد
100 1 _aعبد الحميد، محسن
245 1 0 _aقواعد التكفير عند أهل السنة و الجماعة /
250 _aط.3
264 1 _aأربيل :
_bمكتب التفسير للطبع والنشر،
_c2020.
300 _a118ص.
650 1 7 _aالفتاوي الاسلامية
650 1 7 _aالفقة الاسلامي
650 1 7 _aالتكفير
650 1 7 _aدفع المطاعن عن الاسلام
942 _2ddc
_cBK
999 _c145160
_d145160